000 01172cam a2200217 4500
001 X113309
008 000000n2001 000 0 eng u
035 _a(Sirsi) u113309
245 _aHudson Estates (East) Ltd v SoS Environment and Woking DC
260 _c2001
490 _aProperty, Planning and Compensation Reports
_v[2001] 71-84(15)
520 _aQBD 13 October 2000. Town and Country Planning Act s137,138 and Sched 3. Purchase notice. Whether land incapable ot reasonably beneficial use in its existing state. Whether work required to the land to be ignored. Application of DoE Circular 13/83 regarding evidence of attempts ot dispose of the land. whether Sched 3 contemplated right to rebuild. Whether concept of abandonment applies to applicaiton of Sched 3. (Taken from headnote).
650 _aHUDSON ESTATES (EAST) LTD V SOS ENVIRONMENT AND WOKING DC
650 _aTOWN AND COUNTRY PLANNING ACT 1990 S137
650 _aTOWN AND COUNTRY PLANNING ACT 1990 S138
650 _aTOWN AND COUNTRY PLANNING ACT 1990 SCHED 3
650 _aDOE CIRCULAR 13/1983
650 _aABANDONMENT
690 _aPlanning and development
_96259
942 _n0
999 _c67495
_d67495